Normal view
MARC view
- Ferran, Núria
Entry Nombre Personal
001 - NUMERO DE CONTROL
- campo de control: 34049
003 - IDENTIFICADOR DE NUMERO DE CONTROL
- campo de control: UPN
005 - FECHA Y HORA DE LA ÜLTIMA TRANSACCIÓN
- campo de control: 20210219194449.0
008 - DATOS DE LONGITUD FIJA
- campo de control de longitud fija: nabaccnnaabn|||||||||| b |nc|||||d
035 ## - NUMERO DE CONTROL
- Número de control: UPN11000006156
040 ## - FUENTE DE CATALOGACIÓN
- Lenguaje de catalogación: SPA
- Agencia de transcripción: UPN
100 1# - ENCABEZAMIENTO - NOMBRE PERSONAL
- Nombre personal: Ferran, Núria
670 ## - FUENTE EN LA QUE SE LOCALIZARON DATOS
- Cita de la fuente: T
- Información localizada: Búsqueda y recuperación de la información
680 ## - NOTA PUBLICA DE ACCESO PÚBLICO
- Frase explicativa de la referencia: Licenciada en periodismo por la UAB y en documentación por la UOC. Es profesora de los estudios de ciencias de la información y la comunicación en la UOC
902 ## - CATALOGADOR
- Catalogador: MCM/300813
